[Event "DVM U20 2019"]
[Site "Braunschweig"]
[Date "2019.12.29"]
[Round "6"]
[White "Klenk, Sofie"]
[Black "Kokschenev, Michael"]
[Result "1-0"]
[WhiteElo "1812"]
[BlackElo "1552"]
[Annotator "NA"]
[PlyCount "49"]
[EventDate "2019.12.27"]
[EventType "team-tourn"]
[EventRounds "7"]
[EventCountry "GER"]
[SourceTitle "playchess.com"]
[Source "ChessBase"]
[SourceQuality "1"]
[WhiteTeam "SF Augsburg"]
[BlackTeam "Karlsruher SF"]
[TimeControl "40/5400+30:1800+30"]

1. e4 {[%emt 0:00:00]} c6 {[%emt 0:00:00]} 2. d4 {[%emt 0:00:00]} d5 3. e5 {[%emt 0:00:00]} Bf5 {[%emt 0:00:00]} 4. h4 {[%emt 0:00:00]} h6 {[%emt 0:00:49]} 5. g4 {[%emt 0:00:03]} Be4 {[%emt 0:00:15]} 6. f3 {[%emt 0:00:10]} Bg6 {[%emt 0:05:05]} 7. e6 {[%emt 0:31:01]} fxe6 {[%emt 0:00:30]} 8. Bd3 {[%emt 0:00:00]} Bf7 {[%emt 0:00:52]} 9. h5 {[%emt 0:00:00]} Nd7 {[%emt 0:05:09]} 10. f4 {[%emt 0:00:00]} Qc7 {[%emt 0:02:38]} 11. Nf3 {[%emt 0:00:00]} O-O-O {[%emt 0:00:16]} 12. Bg6 {[%emt 0:00:00]} Bxg6 {[%emt 0:08:35]} 13. hxg6 {[%emt 0:00:00]} Ngf6 {[%emt 0:02:51]} 14. Ne5 {[%emt 0:00:00]} Nxe5 {[%emt 0:03:44]} 15. fxe5 {[%emt 0:00:00]} Nd7 {[%emt 0:01:06]} 16. Be3 {[%emt 0:00:00]} c5 {[%emt 0:07:51]} 17. c3 {[%emt 0:00:00]} cxd4 {[%emt 0:09:03]} 18. cxd4 {[%emt 0:00:00]} Nxe5 {[%emt 0:07:04]} 19. dxe5 {[%emt 0:00:00]} Qxe5 {[%emt 0:00:05]} 20. Qd4 {[%emt 0:00:00]} Qxd4 {[%emt 0:05:42]} 21. Bxd4 {[%emt 0:00:00]} b6 {[%emt 0:00:08]} 22. Be5 {[%emt 0:00:00]} Kb7 {[%emt 0:03:52]} 23. Na3 {[%emt 0:00:00]} d4 {[%emt 0:04:33]} 24. Kd2 {[%emt 0:00:00]} Rd5 {[%emt 0:00:18]} 25. Rh5 {[%emt 0:00:00] normal} 1-0

[Event "DVM U20 2019"]
[Site "Braunschweig"]
[Date "2019.12.29"]
[Round "6"]
[White "Gallas, Noel"]
[Black "Meyling, Lennart"]
[Result "1-0"]
[WhiteElo "1785"]
[BlackElo "1955"]
[Annotator "NA"]
[PlyCount "132"]
[EventDate "2019.12.27"]
[EventType "team-tourn"]
[EventRounds "7"]
[EventCountry "GER"]
[SourceTitle "playchess.com"]
[Source "ChessBase"]
[SourceQuality "1"]
[WhiteTeam "SF Essen-Katernberg"]
[BlackTeam "Hamburger SK"]
[TimeControl "40/5400+30:1800+30"]

1. e4 {[%emt 0:00:16]} g6 {[%emt 0:00:00]} 2. d4 {[%emt 0:00:36]} Bg7 {[%emt 0:00:00]} 3. Nf3 {[%emt 0:00:11]} d6 {[%emt 0:00:38]} 4. Bc4 {[%emt 0:00:18]} a6 {[%emt 0:00:08]} 5. O-O {[%emt 0:05:43]} b5 {[%emt 0:00:12]} 6. Bb3 {[%emt 0:00:28]} Bb7 {[%emt 0:00:15]} 7. Qe2 {[%emt 0:01:56]} e6 {[%emt 0:00:18]} 8. Nbd2 {[%emt 0:02:11]} Nd7 {[%emt 0:01:21]} 9. c3 {[%emt 0:04:40]} h6 {[%emt 0:00:25]} 10. Bc2 {[%emt 0:02:27]} e5 {[%emt 0:01:08]} 11. dxe5 {[%emt 0:02:38]} dxe5 {[%emt 0:00:36]} 12. Ne1 {[%emt 0:01:04]} Ne7 {[%emt 0:00:43]} 13. Nd3 {[%emt 0:05:12]} O-O {[%emt 0:00:25]} 14. Nb3 {[%emt 0:02:36]} Qc8 {[%emt 0:04:09]} 15. Ndc5 {[%emt 0:01:53]} Nxc5 {[%emt 0:00:00]} 16. Nxc5 {[%emt 0:00:25]} Bc6 {[%emt 0:00:02]} 17. f4 exf4 {[%emt 0:00:38]} 18. Bxf4 {[%emt 0:08:31]} b4 {[%emt 0:07:42]} 19. Bd2 {[%emt 0:08:33]} bxc3 {[%emt 0:04:37]} 20. Bxc3 {[%emt 0:00:57]} Bb5 {[%emt 0:00:09]} 21. Bd3 {[%emt 0:01:27]} Bxc3 {[%emt 0:00:30]} 22. bxc3 {[%emt 0:00:13]} Bxd3 {[%emt 0:00:10]} 23. Qxd3 {[%emt 0:03:17]} Nc6 {[%emt 0:03:53]} 24. Qd5 {[%emt 0:03:06]} Ne7 {[%emt 0:02:36]} 25. Qd4 {[%emt 0:04:39]} Nc6 {[%emt 0:02:11]} 26. Qd5 {[%emt 0:12:00]} Ne7 {[%emt 0:00:43]} 27. Qd4 {[%emt 0:03:26]} Nc6 {[%emt 0:00:10]} 28. Qf6 {[%emt 0:01:21]} Qe8 {[%emt 0:00:14]} 29. Rad1 {[%emt 0:01:52]} Rd8 {[%emt 0:05:04]} 30. Rxd8 {[%emt 0:01:49]} Nxd8 {[%emt 0:00:06]} 31. Qxa6 {[%emt 0:02:57]} Qe7 {[%emt 0:02:48]} 32. Qc4 {[%emt 0:02:53]} Nc6 {[%emt 0:01:01]} 33. Qd5 {[%emt 0:04:14]} Ne5 {[%emt 0:00:37]} 34. Rd1 {[%emt 0:04:30]} Ng4 {[%emt 0:00:41]} 35. Qd4 {[%emt 0:02:58]} Re8 {[%emt 0:03:29]} 36. Nd7 {[%emt 0:03:32]} Qxe4 {[%emt 0:03:51]} 37. Qxe4 {[%emt 0:01:37]} Rxe4 {[%emt 0:00:07]} 38. h3 {[%emt 0:00:29]} Ne3 {[%emt 0:00:43]} 39. Nf6+ {[%emt 0:01:01]} Kg7 {[%emt 0:00:13]} 40. Nxe4 {[%emt 0:00:13]} Nxd1 {[%emt 0:00:09]} 41. a4 {[%emt 0:30:55]} Nb2 {[%emt 0:30:51]} 42. a5 {[%emt 0:01:01]} Nc4 {[%emt 0:00:24]} 43. a6 {[%emt 0:00:00]} Nb6 {[%emt 0:00:00]} 44. Kf2 {[%emt 0:00:00]} f5 {[%emt 0:00:00]} 45. Nc5 {[%emt 0:00:00]} Kf7 {[%emt 0:00:00]} 46. Ke3 {[%emt 0:00:00]} Ke7 {[%emt 0:00:00]} 47. Kd4 {[%emt 0:00:00]} Kd6 {[%emt 0:00:00]} 48. c4 {[%emt 0:00:00]} g5 {[%emt 0:00:00]} 49. Nb7+ {[%emt 0:00:00]} Kd7 {[%emt 0:00:00]} 50. c5 {[%emt 0:00:00]} Nc8 {[%emt 0:00:00]} 51. Na5 {[%emt 0:00:00]} f4 {[%emt 0:00:00]} 52. Ke5 {[%emt 0:00:00]} Na7 {[%emt 0:00:00]} 53. Kf6 {[%emt 0:00:15]} c6 {[%emt 0:00:00]} 54. Kf5 {[%emt 0:03:48]} Ke7 {[%emt 0:00:00]} 55. Ke5 {[%emt 0:00:29]} Kf7 {[%emt 0:00:00]} 56. Kd6 {[%emt 0:01:20]} h5 {[%emt 0:00:00]} 57. Nxc6 {[%emt 0:00:31]} g4 {[%emt 0:00:00]} 58. hxg4 {[%emt 0:01:15]} hxg4 {[%emt 0:00:00]} 59. Ne5+ {[%emt 0:00:02]} Kf6 {[%emt 0:00:00]} 60. Nxg4+ {[%emt 0:00:19]} Kg5 {[%emt 0:00:02]} 61. Ne5 {[%emt 0:00:35]} Kf5 {[%emt 0:00:18]} 62. c6 {[%emt 0:01:25]} Nb5+ {[%emt 0:00:20]} 63. Kc5 {[%emt 0:00:35]} Nc7 {[%emt 0:00:10]} 64. Kb6 {[%emt 0:00:41]} Nd5+ {[%emt 0:00:04]} 65. Kb7 {[%emt 0:00:21]} Kxe5 {[%emt 0:00:09]} 66. a7 {[%emt 0:00:15]} Ne3 {[%emt 0:00:12] normal} 1-0

[Event "DVM U20 2019"]
[Site "Braunschweig"]
[Date "2019.12.29"]
[Round "6"]
[White "Hoenselaar, Dennis"]
[Black "Jurga, Jonas Vincent"]
[Result "0-1"]
[WhiteElo "1769"]
[BlackElo "1896"]
[Annotator "NA"]
[PlyCount "82"]
[EventDate "2019.12.27"]
[EventType "team-tourn"]
[EventRounds "7"]
[EventCountry "GER"]
[SourceTitle "playchess.com"]
[Source "ChessBase"]
[SourceQuality "1"]
[WhiteTeam "SK Turm Kleve"]
[BlackTeam "OSG Baden-Baden"]
[TimeControl "40/5400+30:1800+30"]

1. c4 {[%emt 0:00:00]} e5 {[%emt 0:00:00]} 2. g3 {[%emt 0:00:00]} f5 {[%emt 0:00:00]} 3. Bg2 {[%emt 0:00:00]} Nf6 {[%emt 0:00:00]} 4. Nc3 {[%emt 0:00:10]} Be7 {[%emt 0:00:04]} 5. d3 {[%emt 0:00:20]} O-O {[%emt 0:00:08]} 6. e3 {[%emt 0:00:20]} d6 {[%emt 0:00:29]} 7. Nge2 {[%emt 0:00:13]} c6 {[%emt 0:00:16]} 8. O-O {[%emt 0:00:16]} Be6 {[%emt 0:00:08]} 9. b3 {[%emt 0:00:42]} Nbd7 {[%emt 0:00:23]} 10. f4 {[%emt 0:00:46]} Qc7 {[%emt 0:01:47]} 11. h3 {[%emt 0:04:53]} Rad8 {[%emt 0:00:45]} 12. Ba3 {[%emt 0:01:46]} Nb6 {[%emt 0:03:09]} 13. Qc2 {[%emt 0:07:05]} Rfe8 {[%emt 0:03:50]} 14. Rfd1 {[%emt 0:05:23]} d5 {[%emt 0:02:11]} 15. Bb2 {[%emt 0:08:34]} dxc4 {[%emt 0:04:09]} 16. dxc4 {[%emt 0:03:46]} e4 {[%emt 0:02:19]} 17. Nd4 {[%emt 0:02:35]} Bc8 {[%emt 0:00:10]} 18. Kh2 {[%emt 0:05:27]} a6 {[%emt 0:01:25]} 19. Rd2 {[%emt 0:01:59]} c5 {[%emt 0:00:20]} 20. Nde2 {[%emt 0:00:26]} Rxd2 {[%emt 0:00:15]} 21. Qxd2 {[%emt 0:00:02]} Rd8 {[%emt 0:00:15]} 22. Qc2 {[%emt 0:02:03]} Rd3 {[%emt 0:08:01]} 23. Bc1 {[%emt 0:02:27]} Qd8 {[%emt 0:02:05]} 24. Bf1 {[%emt 0:03:14]} Be6 {[%emt 0:01:25]} 25. Nd5 {[%emt 0:05:35]} Nbxd5 {[%emt 0:01:11]} 26. cxd5 {[%emt 0:00:11]} Rxd5 {[%emt 0:00:00]} 27. Nc3 {[%emt 0:00:00]} Rd7 {[%emt 0:08:30]} 28. Rb1 {[%emt 0:03:41]} b5 {[%emt 0:02:47]} 29. a3 {[%emt 0:02:19]} h6 {[%emt 0:06:31]} 30. Qg2 {[%emt 0:03:56]} Nd5 {[%emt 0:04:18]} 31. Nxd5 {[%emt 0:02:07]} Bxd5 {[%emt 0:07:29]} 32. a4 {[%emt 0:00:31]} Bc6 {[%emt 0:00:46]} 33. axb5 {[%emt 0:00:50]} axb5 {[%emt 0:00:14]} 34. Rb2 {[%emt 0:03:20]} Bf6 {[%emt 0:00:41]} 35. Rd2 {[%emt 0:00:58]} Rxd2 {[%emt 0:01:43]} 36. Bxd2 {[%emt 0:00:12]} Qd5 {[%emt 0:00:19]} 37. b4 {[%emt 0:01:25]} c4 {[%emt 0:00:11]} 38. Be1 {[%emt 0:00:55]} Qd1 {[%emt 0:01:05]} 39. Qg1 {[%emt 0:01:21]} Kh8 {[%emt 0:01:19]} 40. Qf2 {[%emt 0:00:52]} c3 {[%emt 0:00:14]} 41. Be2 {[%emt 0:30:46]} c2 {[%emt 0:30:19] normal} 0-1

[Event "DVM U20 2019"]
[Site "Braunschweig"]
[Date "2019.12.29"]
[Round "6"]
[White "Celik, Cem"]
[Black "Genov, Valentin"]
[Result "1/2-1/2"]
[WhiteElo "1767"]
[BlackElo "1829"]
[Annotator "NA"]
[PlyCount "55"]
[EventDate "2019.12.27"]
[EventType "team-tourn"]
[EventRounds "7"]
[EventCountry "GER"]
[SourceTitle "playchess.com"]
[Source "ChessBase"]
[SourceQuality "1"]
[WhiteTeam "SF Essen-Katernberg"]
[BlackTeam "Hamburger SK"]
[TimeControl "40/5400+30:1800+30"]

1. e4 {[%emt 0:00:00]} c5 {[%emt 0:00:00]} 2. c3 {[%emt 0:00:00]} Nf6 {[%emt 0:03:08]} 3. e5 {[%emt 0:00:00]} Nd5 {[%emt 0:00:04]} 4. d4 {[%emt 0:00:00]} e6 {[%emt 0:04:19]} 5. Nf3 {[%emt 0:01:29]} cxd4 {[%emt 0:05:17]} 6. cxd4 {[%emt 0:00:09]} Nc6 {[%emt 0:01:18]} 7. Bc4 {[%emt 0:00:13]} Nb6 {[%emt 0:00:28]} 8. Bd3 {[%emt 0:01:31]} d6 {[%emt 0:04:05]} 9. O-O {[%emt 0:00:37]} Be7 {[%emt 0:02:38]} 10. Nc3 {[%emt 0:01:03]} O-O {[%emt 0:01:18]} 11. Qe2 {[%emt 0:01:16]} dxe5 {[%emt 0:07:48]} 12. dxe5 {[%emt 0:00:38]} Nd7 {[%emt 0:17:15]} 13. Rd1 {[%emt 0:06:11]} a6 {[%emt 0:04:14]} 14. Qe4 {[%emt 0:04:25]} g6 {[%emt 0:00:12]} 15. Bc2 {[%emt 0:02:10]} Qc7 {[%emt 0:03:10]} 16. Rxd7 {[%emt 0:04:09]} Bxd7 {[%emt 0:02:17]} 17. Bh6 {[%emt 0:00:55]} Rfd8 {[%emt 0:05:47]} 18. Re1 {[%emt 0:01:38]} Be8 {[%emt 0:01:45]} 19. Bg5 {[%emt 0:01:50]} Bxg5 {[%emt 0:02:30]} 20. Nxg5 {[%emt 0:00:09]} Rd4 {[%emt 0:00:07]} 21. Qe3 {[%emt 0:00:51]} Qe7 {[%emt 0:06:15]} 22. Nce4 {[%emt 0:01:54]} Rxe4 {[%emt 0:07:17]} 23. Nxe4 {[%emt 0:06:03]} Nxe5 {[%emt 0:04:02]} 24. Qd4 {[%emt 0:00:42]} Nd7 {[%emt 0:00:07]} 25. Bb3 {[%emt 0:04:11]} e5 {[%emt 0:09:56]} 26. Qc3 {[%emt 0:04:18]} Kg7 {[%emt 0:01:58] normal} 27. f4 {[%emt 0:03:53]} f6 {[%emt 0:00:06]} 28. fxe5 {[%emt 0:00:48] normal} 1/2-1/2

[Event "DVM U20 2019"]
[Site "Braunschweig"]
[Date "2019.12.29"]
[Round "6"]
[White "Doerp, Max Marian"]
[Black "Dornieden, Jonas"]
[Result "1/2-1/2"]
[WhiteElo "1767"]
[BlackElo "1912"]
[Annotator "NA"]
[PlyCount "77"]
[EventDate "2019.12.27"]
[EventType "team-tourn"]
[EventRounds "7"]
[EventCountry "GER"]
[SourceTitle "playchess.com"]
[Source "ChessBase"]
[SourceQuality "1"]
[WhiteTeam "Lübecker SV"]
[BlackTeam "SK Lehrte 1919"]
[TimeControl "40/5400+30:1800+30"]

1. Nf3 d5 2. c4 c6 3. b3 Nf6 4. Bb2 Bf5 {[%emt 0:00:00]} 5. d3 {[%emt 0:04:15]} h6 {[%emt 0:00:00]} 6. g3 {[%emt 0:00:30]} e6 {[%emt 0:00:00]} 7. Bg2 {[%emt 0:00:30]} Bb4+ {[%emt 0:00:00]} 8. Nbd2 {[%emt 0:00:30]} O-O {[%emt 0:00:00]} 9. O-O {[%emt 0:00:30]} Nbd7 {[%emt 0:00:00]} 10. a3 {[%emt 0:03:26]} Bd6 {[%emt 0:09:52]} 11. Re1 {[%emt 0:16:41]} Bh7 {[%emt 0:05:40]} 12. e4 {[%emt 0:03:30]} dxe4 {[%emt 0:01:55]} 13. Nxe4 {[%emt 0:00:52]} Be7 {[%emt 0:03:57]} 14. b4 {[%emt 0:06:54]} Nb6 {[%emt 0:21:48]} 15. Qb3 {[%emt 0:04:38]} Nxe4 {[%emt 0:09:52]} 16. dxe4 {[%emt 0:00:21]} c5 {[%emt 0:04:35]} 17. Rad1 {[%emt 0:02:03]} Qc8 {[%emt 0:01:05]} 18. b5 {[%emt 0:06:37]} Rd8 {[%emt 0:01:19]} 19. Rxd8+ {[%emt 0:11:42]} Qxd8 {[%emt 0:00:43]} 20. Rd1 {[%emt 0:07:01]} Qf8 {[%emt 0:01:54]} 21. e5 {[%emt 0:04:53]} Rd8 {[%emt 0:01:42]} 22. Rxd8 Qxd8 {[%emt 0:03:31]} 23. Ne1 {[%emt 0:11:30]} Qd2 {[%emt 0:05:22]} 24. Bc3 {[%emt 0:03:07]} Qe2 {[%emt 0:05:01]} 25. Bf1 {[%emt 0:01:23]} Qe4 {[%emt 0:05:40]} 26. a4 Qb1 27. Qxb1 {[%emt 0:03:52]} Bxb1 {[%emt 0:02:23]} 28. a5 {[%emt 0:00:45]} Nd7 29. Bd3 {[%emt 0:02:51]} Bxd3 {[%emt 0:03:18]} 30. Nxd3 {[%emt 0:00:07]} b6 {[%emt 0:05:14]} 31. a6 {[%emt 0:00:49]} f6 {[%emt 0:01:19]} 32. Kg2 {[%emt 0:02:20]} Kf7 {[%emt 0:01:21]} 33. f4 {[%emt 0:01:24]} Bd8 {[%emt 0:02:41]} 34. Kf3 {[%emt 0:01:39]} f5 {[%emt 0:04:33]} 35. g4 {[%emt 0:01:05]} g6 {[%emt 0:01:27]} 36. Ne1 {[%emt 0:00:49]} Be7 {[%emt 0:00:30]} 37. Ng2 {[%emt 0:00:31]} Bd8 {[%emt 0:00:46]} 38. Ne1 {[%emt 0:01:12]} Be7 {[%emt 0:00:27]} 39. Nc2 {[%emt 0:00:00] normal} 1/2-1/2

[Event "DVM U20 2019"]
[Site "Braunschweig"]
[Date "2019.12.29"]
[Round "6"]
[White "Kroschel, Anton"]
[Black "Heise, Tobias"]
[Result "1-0"]
[WhiteElo "1756"]
[BlackElo "1712"]
[Annotator "NA"]
[PlyCount "53"]
[EventDate "2019.12.27"]
[EventType "team-tourn"]
[EventRounds "7"]
[EventCountry "GER"]
[SourceTitle "playchess.com"]
[Source "ChessBase"]
[SourceQuality "1"]
[WhiteTeam "Lübecker SV"]
[BlackTeam "SK Lehrte 1919"]
[TimeControl "40/5400+30:1800+30"]

1. Nf3 Nf6 2. c4 e6 3. d4 d5 4. Nc3 {[%emt 0:00:11]} Bd6 {[%emt 0:02:54]} 5. Bg5 {[%emt 0:09:56]} c6 {[%emt 0:03:16]} 6. e3 {[%emt 0:03:27]} Nbd7 {[%emt 0:00:26]} 7. Bd3 {[%emt 0:08:18]} O-O {[%emt 0:05:34]} 8. O-O {[%emt 0:09:54]} Re8 {[%emt 0:09:32]} 9. e4 {[%emt 0:13:14]} dxe4 {[%emt 0:04:08]} 10. Nxe4 {[%emt 0:00:55]} Be7 {[%emt 0:00:05]} 11. Nxf6+ {[%emt 0:03:09]} Bxf6 {[%emt 0:01:01]} 12. Bxf6 {[%emt 0:00:47]} Qxf6 {[%emt 0:00:25]} 13. Qc2 {[%emt 0:05:10]} h6 {[%emt 0:00:36]} 14. Rfe1 {[%emt 0:01:19]} Rb8 {[%emt 0:11:06]} 15. Ne5 {[%emt 0:13:27]} Nxe5 {[%emt 0:04:37]} 16. dxe5 {[%emt 0:00:59]} Qg5 {[%emt 0:01:38]} 17. Re3 {[%emt 0:05:04]} Qe7 {[%emt 0:07:08]} 18. Rg3 {[%emt 0:04:31]} b6 {[%emt 0:07:13]} 19. Qe2 {[%emt 0:01:51]} Bb7 {[%emt 0:14:05]} 20. Qg4 {[%emt 0:02:17]} Qg5 {[%emt 0:03:54]} 21. Qe4 {[%emt 0:01:07]} Qf5 {[%emt 0:00:21]} 22. Qe2 {[%emt 0:02:51]} Qf4 {[%emt 0:02:08]} 23. Rg4 {[%emt 0:00:29]} Qxg4 {[%emt 0:00:22]} 24. Qxg4 {[%emt 0:00:04]} Red8 {[%emt 0:00:12]} 25. Qe2 {[%emt 0:00:27]} Rd4 {[%emt 0:01:02]} 26. Rd1 {[%emt 0:01:35]} Rbd8 {[%emt 0:01:07]} 27. Bc2 {[%emt 0:00:38] normal} 1-0

[Event "DVM U20 2019"]
[Site "Braunschweig"]
[Date "2019.12.29"]
[Round "6"]
[White "Grining, Maria"]
[Black "Hamkar, Mehran"]
[Result "0-1"]
[WhiteElo "1744"]
[BlackElo "1814"]
[Annotator "NA"]
[PlyCount "54"]
[EventDate "2019.12.27"]
[EventType "team-tourn"]
[EventRounds "7"]
[EventCountry "GER"]
[SourceTitle "playchess.com"]
[Source "ChessBase"]
[SourceQuality "1"]
[WhiteTeam "Karlsruher SF"]
[BlackTeam "SF Augsburg"]
[TimeControl "40/5400+30:1800+30"]

1. d4 {[%emt 0:00:00]} Nf6 {[%emt 0:00:00]} 2. Nf3 {[%emt 0:00:00]} g6 {[%emt 0:00:00]} 3. c4 {[%emt 0:00:00]} Bg7 {[%emt 0:00:00]} 4. Nc3 {[%emt 0:00:00]} O-O {[%emt 0:00:10]} 5. e4 {[%emt 0:00:06]} d6 {[%emt 0:00:09]} 6. h3 {[%emt 0:00:13]} e5 {[%emt 0:01:27]} 7. Be3 Nc6 8. dxe5 {[%emt 0:10:35]} dxe5 {[%emt 0:01:12]} 9. Be2 {[%emt 0:06:01]} Nh5 {[%emt 0:24:20]} 10. Qxd8 {[%emt 0:06:04]} Rxd8 {[%emt 0:01:32]} 11. Nd5 {[%emt 0:00:20]} Nf4 {[%emt 0:05:43]} 12. Rd1 {[%emt 0:07:43]} Nxg2+ {[%emt 0:10:05]} 13. Kf1 {[%emt 0:00:38]} Nxe3+ {[%emt 0:00:37]} 14. fxe3 {[%emt 0:00:11]} Be6 {[%emt 0:07:49]} 15. b3 {[%emt 0:07:46]} Rd7 {[%emt 0:12:20]} 16. Kf2 {[%emt 0:06:32]} h6 {[%emt 0:02:12]} 17. Nd2 {[%emt 0:02:07]} Rad8 {[%emt 0:01:35]} 18. Nb1 {[%emt 0:08:10]} Kf8 {[%emt 0:12:59]} 19. Nbc3 {[%emt 0:03:36]} a6 {[%emt 0:01:05]} 20. Na4 {[%emt 0:03:49]} b6 {[%emt 0:00:25]} 21. Nac3 {[%emt 0:01:18]} Ke8 {[%emt 0:00:51]} 22. Bg4 {[%emt 0:06:09]} Ne7 {[%emt 0:02:55]} 23. Bxe6 {[%emt 0:06:36]} fxe6 {[%emt 0:00:12]} 24. Nxe7 {[%emt 0:00:10]} Kxe7 {[%emt 0:01:12]} 25. Rxd7+ {[%emt 0:00:18]} Rxd7 {[%emt 0:00:12]} 26. Rd1 {[%emt 0:00:32]} Rxd1 {[%emt 0:00:50]} 27. Nxd1 {[%emt 0:00:09]} Kf6 {[%emt 0:03:26] normal} 0-1

[Event "DVM U20 2019"]
[Site "Braunschweig"]
[Date "2019.12.29"]
[Round "6"]
[White "Ortner, Jonas Ruben"]
[Black "Kaiser, Frederic"]
[Result "1-0"]
[WhiteElo "1718"]
[BlackElo "1901"]
[Annotator "NA"]
[PlyCount "47"]
[EventDate "2019.12.27"]
[EventType "team-tourn"]
[EventRounds "7"]
[EventCountry "GER"]
[SourceTitle "playchess.com"]
[Source "ChessBase"]
[SourceQuality "1"]
[WhiteTeam "SK Bebenhausen"]
[BlackTeam "Sges Bensheim"]
[TimeControl "40/5400+30:1800+30"]

1. e4 {[%emt 0:00:00]} e6 {[%emt 0:00:00]} 2. d4 {[%emt 0:00:00]} d5 {[%emt 0:00:00]} 3. Nc3 {[%emt 0:00:02]} Nf6 {[%emt 0:00:00]} 4. Bg5 {[%emt 0:00:07]} Bb4 {[%emt 0:00:01]} 5. e5 {[%emt 0:00:58]} h6 {[%emt 0:00:05]} 6. Bd2 {[%emt 0:00:14]} Bxc3 {[%emt 0:00:06]} 7. bxc3 {[%emt 0:00:06]} Ne4 {[%emt 0:00:05]} 8. Qg4 {[%emt 0:00:06]} Kf8 {[%emt 0:00:12]} 9. Qf4 {[%emt 0:00:36]} Nxd2 {[%emt 0:02:45]} 10. Qxd2 {[%emt 0:00:13]} c5 {[%emt 0:00:14]} 11. Nf3 {[%emt 0:06:59]} Nc6 {[%emt 0:06:08]} 12. Bd3 {[%emt 0:08:17]} Qa5 {[%emt 0:16:29]} 13. dxc5 {[%emt 0:00:56]} Qxc5 {[%emt 0:10:52]} 14. O-O {[%emt 0:13:49]} Bd7 {[%emt 0:02:35]} 15. Rab1 {[%emt 0:13:40]} Na5 {[%emt 0:07:53]} 16. Nd4 {[%emt 0:12:48]} Rc8 {[%emt 0:04:45]} 17. Nb5 {[%emt 0:08:44]} Bxb5 {[%emt 0:21:34]} 18. Rxb5 {[%emt 0:00:06]} Qc7 {[%emt 0:00:04]} 19. Qf4 {[%emt 0:03:41]} b6 {[%emt 0:02:12]} 20. Qg3 {[%emt 0:04:22]} Qxc3 {[%emt 0:03:23]} 21. f4 {[%emt 0:00:53]} Qd4+ {[%emt 0:00:09]} 22. Kh1 {[%emt 0:00:30]} g6 {[%emt 0:01:18]} 23. Bxg6 {[%emt 0:06:22] normal} Rc3 {[%emt 0:04:09]} 24. Qh4 {[%emt 0:00:51] normal} 1-0

[Event "DVM U20 2019"]
[Site "Braunschweig"]
[Date "2019.12.29"]
[Round "6"]
[White "Honisch, Alexander"]
[Black "Meister, Konstantin"]
[Result "1-0"]
[WhiteElo "1477"]
[BlackElo "1256"]
[Annotator "NA"]
[PlyCount "85"]
[EventDate "2019.12.27"]
[EventType "team-tourn"]
[EventRounds "7"]
[EventCountry "GER"]
[SourceTitle "playchess.com"]
[Source "ChessBase"]
[SourceQuality "1"]
[WhiteTeam "SK Bebenhausen"]
[BlackTeam "Sges Bensheim"]
[TimeControl "40/5400+30:1800+30"]

1. e4 {[%emt 0:00:00]} e5 {[%emt 0:00:00]} 2. Nf3 {[%emt 0:00:00]} Nc6 {[%emt 0:00:00]} 3. Bc4 {[%emt 0:00:13]} Bc5 {[%emt 0:00:00]} 4. c3 {[%emt 0:00:51]} Nf6 {[%emt 0:00:04]} 5. d4 {[%emt 0:01:01]} exd4 {[%emt 0:00:30]} 6. cxd4 {[%emt 0:00:12]} Bb4+ {[%emt 0:00:20]} 7. Bd2 {[%emt 0:00:10]} Nxe4 {[%emt 0:01:29]} 8. Bxb4 {[%emt 0:00:26]} Nxb4 {[%emt 0:00:10]} 9. Bxf7+ {[%emt 0:01:08]} Kf8 {[%emt 0:01:13]} 10. Bb3 {[%emt 0:01:24]} Qe7 {[%emt 0:02:30]} 11. O-O {[%emt 0:01:21]} d6 {[%emt 0:00:47]} 12. Re1 {[%emt 0:04:21]} Bg4 {[%emt 0:01:06]} 13. Nc3 {[%emt 0:03:04]} Re8 {[%emt 0:02:03]} 14. Rxe4 {[%emt 0:06:43]} Qd7 {[%emt 0:02:29]} 15. Rf4+ {[%emt 0:01:27]} Ke7 {[%emt 0:00:33]} 16. Rf7+ {[%emt 0:00:46]} Kd8 {[%emt 0:01:07]} 17. Rxd7+ {[%emt 0:00:24]} Bxd7 {[%emt 0:01:14]} 18. a3 {[%emt 0:04:31]} Nc6 {[%emt 0:00:45]} 19. d5 {[%emt 0:00:58]} Ne7 {[%emt 0:01:36]} 20. Rc1 {[%emt 0:00:41]} Nc8 {[%emt 0:00:50]} 21. Ng5 {[%emt 0:03:34]} Rhf8 {[%emt 0:02:51]} 22. Ne6+ {[%emt 0:01:33]} Bxe6 {[%emt 0:00:23]} 23. dxe6 {[%emt 0:00:08]} c6 {[%emt 0:01:52]} 24. Qg4 {[%emt 0:03:05]} Re7 {[%emt 0:00:57]} 25. Ne2 {[%emt 0:04:40]} Kc7 {[%emt 0:01:26]} 26. Nd4 {[%emt 0:08:29]} Kb8 {[%emt 0:14:11]} 27. Nf5 {[%emt 0:01:00]} Rc7 {[%emt 0:03:23]} 28. Re1 {[%emt 0:03:02]} Ne7 {[%emt 0:02:30]} 29. Nxd6 {[%emt 0:04:30]} Rd8 {[%emt 0:12:59]} 30. Nf5 {[%emt 0:01:56]} Nxf5 {[%emt 0:04:05]} 31. Qxf5 {[%emt 0:00:10]} Re7 {[%emt 0:01:02]} 32. Qg5 {[%emt 0:00:58]} Rde8 {[%emt 0:00:21]} 33. Rd1 {[%emt 0:00:24]} Kc8 {[%emt 0:03:28]} 34. Qg4 {[%emt 0:01:02]} Kb8 {[%emt 0:06:10]} 35. f4 {[%emt 0:01:13]} g6 {[%emt 0:02:06]} 36. Rd7 {[%emt 0:01:09]} Rxd7 {[%emt 0:03:37]} 37. exd7 {[%emt 0:00:39]} Rd8 {[%emt 0:00:04]} 38. Be6 {[%emt 0:00:50]} Kc7 {[%emt 0:01:00]} 39. f5 {[%emt 0:02:39]} gxf5 {[%emt 0:01:42]} 40. Qf4+ {[%emt 0:00:14]} Kb6 {[%emt 0:00:48]} 41. a4 {[%emt 0:30:39]} a5 {[%emt 0:31:16]} 42. b4 {[%emt 0:00:37] normal} Ka7 {[%emt 0:03:38]} 43. Qc7 {[%emt 0:00:18] normal} 1-0